Sejarah institusi penghulu di Kedah dari tahun 1909-1957 (Record no. 38859)

MARC details
000 -LEADER
fixed length control field 00804nam a2200241 i 4500
001 - CONTROL NUMBER
control field C2-0128640
003 - CONTROL NUMBER IDENTIFIER
control field PPAK
005 - DATE AND TIME OF LATEST TRANSACTION
control field 20180727120804.0
008 - FIXED-LENGTH DATA ELEMENTS--GENERAL INFORMATION
fixed length control field 970924s1986 xx |||| ||||| | may d
040 ## - CATALOGING SOURCE
Original cataloging agency PPAK
Language of cataloging eng
Transcribing agency PPAK
Description conventions rda
082 04 - DEWEY DECIMAL CLASSIFICATION NUMBER
Classification number 352.09595112
Edition number 23
090 00 - LOCALLY ASSIGNED LC-TYPE CALL NUMBER (OCLC); LOCAL CALL NUMBER (RLIN)
Classification number (OCLC) (R) ; Classification number, CALL (RLIN) (NR) 352.09595112
Feature heading SAH
Feature heading KK
100 0# - MAIN ENTRY--PERSONAL NAME
Personal name Sahilah bt. Ahmad,
Relator term author
245 10 - TITLE STATEMENT
Title Sejarah institusi penghulu di Kedah dari tahun 1909-1957
264 #1 - PRODUCTION, PUBLICATION, DISTRIBUTION, MANUFACTURE, AND COPYRIGHT NOTICE
Place of production, publication, distribution, manufacture [place of publication not identified] :
Name of producer, publisher, distributor, manufacturer Jabatan Sejarah Universiti Kebangsaan Malaysia ,
Date of production, publication, distribution, manufacture, or copyright notice [1986]
300 ## - PHYSICAL DESCRIPTION
Extent xxi, 213 pages ;
Dimensions 22 cm
336 ## - CONTENT TYPE
Source rdacontent
Content type term text
337 ## - MEDIA TYPE
Source rdamedia
Media type term unmediated
338 ## - CARRIER TYPE
Source rdacarrier
Carrier type term volume
500 ## - GENERAL NOTE
General note Tesis - Latihan ilmiah ; Bahan tidak boleh difotokopi
650 10 - SUBJECT ADDED ENTRY--TOPICAL TERM
Topical term or geographic name entry element Kedah - Officials and employees
942 ## - ADDED ENTRY ELEMENTS (KOHA)
-- dc
Koha item type Book
Holdings
Withdrawn Not for loan Current library Shelving location Date acquired Full call number Barcode Date last seen Koha item type
  Not For Loan Perpustakaan Alor Setar Koleksi Kedah 24/08/1999 KK 352.09595112 SAH A00154580 08/05/2018 Thesis
  Not For Loan Perpustakaan Alor Setar Koleksi Kedah 17/07/2000 KK 352.09595112 SAH A00155369 08/05/2018 Thesis